|
|
|
|
| LEADER |
01982nam a2200421 a 4500 |
| 001 |
EBC1092741 |
| 003 |
MiAaPQ |
| 005 |
20200520144314.0 |
| 006 |
m o d | |
| 007 |
cr cn||||||||| |
| 008 |
120302s2013 enk sb 001 0 eng d |
| 010 |
|
|
|z 2012006972
|
| 020 |
|
|
|z 9780415624770 (hardback)
|
| 020 |
|
|
|a 9780203102039 (electronic bk.)
|
| 035 |
|
|
|a (MiAaPQ)EBC1092741
|
| 035 |
|
|
|a (Au-PeEL)EBL1092741
|
| 035 |
|
|
|a (CaPaEBR)ebr10632405
|
| 035 |
|
|
|a (CaONFJC)MIL417429
|
| 035 |
|
|
|a (OCoLC)823387018
|
| 040 |
|
|
|a MiAaPQ
|c MiAaPQ
|d MiAaPQ
|
| 050 |
|
4 |
|a HD58.8
|b .S576 2013
|
| 082 |
0 |
4 |
|a 381
|2 23
|
| 100 |
1 |
|
|a Simakova, Elena,
|d 1973-
|
| 245 |
1 |
0 |
|a Marketing technologies
|h [electronic resource] :
|b corporate cultures and technological change /
|c Elena Simakova.
|
| 260 |
|
|
|a London ;
|a New York :
|b Routledge,
|c 2013.
|
| 300 |
|
|
|a xvi, 185 p.
|
| 490 |
1 |
|
|a Routledge studies in innovation, organization, and technology ;
|v v. 25
|
| 504 |
|
|
|a Includes bibliographical references and index.
|
| 505 |
0 |
|
|a The "market turn" in science and technology studies -- Marketing technologies : in theory, and in practice -- Inside corporations : an ethnographic approach -- Becoming a neophyte marketer -- Marketing texts as discursive objects, or do texts speak for themselves? -- "Softly, softly" tagging the world -- RFID "theatre of the proof" -- Concluding remarks.
|
| 533 |
|
|
|a Electronic reproduction. Ann Arbor, MI : ProQuest, 2015. Available via World Wide Web. Access may be limited to ProQuest affiliated libraries.
|
| 650 |
|
0 |
|a Organizational change.
|
| 650 |
|
0 |
|a Electronic commerce.
|
| 650 |
|
0 |
|a Technological innovations
|x Economic aspects.
|
| 650 |
|
0 |
|a Management
|x Technological innovations.
|
| 655 |
|
4 |
|a Electronic books.
|
| 710 |
2 |
|
|a ProQuest (Firm)
|
| 830 |
|
0 |
|a Routledge studies in innovation, organization and technology ;
|v 25.
|
| 856 |
4 |
0 |
|u https://ebookcentral.proquest.com/lib/matrademy/detail.action?docID=1092741
|z Click to View
|